| 000 | 00000nam##2200000za#4500 |
| 001 | 9.640627 |
| 003 | CaOODSP |
| 005 | 20210624222750 |
| 007 | cr ||||||||||| |
| 008 | 150407|1997||||xxc|||||o f|0| 0 fre|d |
| 040 | |aCaOODSP|bfre |
| 043 | |an-cn--- |
| 086 | 1 |aF32-5/1998F-PDF |
| 110 | 1 |aCanada. |bMinistère des finances. |
| 245 | 10|aRapport du Comité technique de la fiscalité des entreprises |h[ressource électronique] |
| 260 | |aOttawa - Ontario : |bFinances Canada |cDécembre 1997. |
| 300 | |a331p.|btableaux |
| 520 | 3 |a« Le comité doit, aux termes de son mandat, évaluer la fiscalité des entreprises au Canada dans le but: d'améliorer le régime fiscal pour promouvoir la création d'emplois et la croissance économique dans une économie ouverte; de simplifier l'imposition du revenu des sociétés pour en faciliter l'observation par les contribuables et l'administration par Revenu Canada; de renforcer l'équité du régime fiscal en veillant à ce que toutes les entreprises participent au financement de la prestation des services gouvernementaux » --Introduction et résumé, p.13. |
| 590 | |a12-38-Supp|b2012-09-27 |
| 691 | 07|aFinances publiques|2gcpds |
| 691 | 07|aImpôt sur le revenu des sociétés|2gcpds |
| 775 | 08|tReport of the Technical Committee on Business Taxation |w(CaOODSP)9.696508 |
| 776 | 0#|tRapport du Comité technique de la fiscalité des entreprises |w(CaOODSP)9.680446 |
| 856 | 40|ahttp://publications.gc.ca|qPDF|s2.10 Mo|uhttps://publications.gc.ca/collections/Collection/F32-5-1998F.pdf |